Analýza kvality elektrickej energie v ostrovnom fotovoltickom systéme

Salvato in:
Dettagli Bibliografici
Autore principale: Štekel, Jozef (Autore)
Altri autori: Janiga, Peter (Relatore della tesi)
Natura: Manoscritto Libro
Lingua:slovacco
Pubblicazione: 2016
Soggetti:
Accesso online:http://is.stuba.sk/zp/portal_zp.pl?podrobnosti=131115
Tags: Aggiungi Tag
Nessun Tag, puoi essere il primo ad aggiungerne!!

MARC

LEADER 00000ntm a22000003a 4500
001 stuzp56856
003 SK-STU
005 20160720133744.6
007 ta
008 150427s2015----xo-----f-mn---000-0-slo-d
040 |a STU  |b slo 
041 0 |a slo 
044 |a xo 
100 1 |a Štekel, Jozef  |u 032000  |4 aut  |U FEI Fakulta elektrotechniky a informatiky  |T FEI Ústav elektroenergetiky a aplikovanej elektrotechniky  |X 72574  |U E020  |Y 548  |7 72574 
242 0 1 |a The analysis of power quality in off-grid photovoltaic systems  |y eng 
245 1 0 |a Analýza kvality elektrickej energie v ostrovnom fotovoltickom systéme 
260 |c 2016 
300 |a 71 s., príl. 
650 4 |a Ostrovný fotovoltický systém  |2 slo 
650 4 |a Fotovoltický zdroj  |2 slo 
650 4 |a Kvalita elektrickej energie  |2 slo 
650 4 |a Off-grid photovoltaic system  |2 eng 
650 4 |a Photovoltaic source  |2 eng 
650 4 |a Power quality  |2 eng 
700 1 |a Janiga, Peter  |u 032000  |k Z1  |4 ths  |U FEI Fakulta elektrotechniky a informatiky  |T FEI Ústav elektroenergetiky a aplikovanej elektrotechniky  |X 24468  |U E020  |Y 548  |7 A000024468 
856 4 |u http://is.stuba.sk/zp/portal_zp.pl?podrobnosti=131115 
996 |b 284ER02045  |c E*Bc- 2045  |l EE32  |s P  |a 0  |w stuzp56856_0001 
SQL |a stuzp56856  |b DBP  |c SLO  |d Analýza kvality elektrickej energie v ostrovnom fotovoltickom systéme  |e 72574  |f Štekel, Jozef  |g 032000  |h 24468  |i Janiga, Peter  |j 20160707  |k 1147  |l 03  |m http://is.stuba.sk/zp/portal_zp.pl?podrobnosti=131115  |n B-ENE  |o 5.2.9. elektrotechnika